000 00735nam a22001937a 4500
008 111207t xxu||||| |||| 00| 0 eng d
020 _a0135622727
050 _aHB74.M3 B387
100 _aBenavie, Arthur
245 _aMathematical techniques for economics analysis /
_cArthur Benavie
260 _aNew York:
_bPrentice Hall,
_cc1972.
300 _axii, 287 p.:
_bill,
_c24cm.
500 _aIncludes index.
505 _aContents: Comparative static analysis -- Optimization theory -- Techniques for dynamic economic models -- Stability theory -- Optimal control theory.
650 _aEconomics, mathematical.
650 _aEconomics
_xMathematical models.
650 _aStatics and dynamics (Social sciences)
942 _2lcc
_cBK
999 _c329
_d7829